National Anthem of Eritrea - "Ertra, Ertra, Ertra (ኤርትራ ኤርትራ ኤርትራ)" - Statistics

General Stats
  • This quiz has been taken 7 times
  • The average score is 4 of 68
Answer Stats
Answer % Correct
Ertra,
100%
Ertra,
100%
Ertra,
100%
Ertra,
33%
Ertra,
33%
Ertra,
33%
Ertra,
17%
Ertra,
17%
ab
0%
ab
0%
ab
0%
ab
0%
'Aläm
0%
'Aläm
0%
'Aläm
0%
amäskira
0%
bä'al
0%
bä'al
0%
bəħarnät
0%
bəħarnät
0%
ch'äbit'ato
0%
ch'äbit'ato
0%
ch'äbit'ato
0%
däma
0%
däma
0%
'əlama,
0%
Ǝnalqäsä
0%
Ǝnalqäsä
0%
Ertra,
0%
Ertra,
0%
Ertra,
0%
Ertra,
0%
Ertra-za
0%
gəbu'ə
0%
gəbu'ə
0%
gəbu'ə
0%
gəmja
0%
gərma,
0%
ħabän
0%
ħaqi
0%
ħədri-läna
0%
känälbəsa
0%
kʷäynu
0%
kəbra!
0%
kəbra!
0%
kəbra!
0%
kəmtə'əwät.
0%
kənsəlma.
0%
kəsärəħ,
0%
lə'ul
0%
mäswa'əta
0%
mäswa'əta
0%
Mäwa'əl
0%
Natsənät
0%
näxisa
0%
nəhnətsa
0%
nəlmə'at
0%
niħ,
0%
səlt'anä
0%
səma,
0%
tädäbisu.
0%
tädäbisu.
0%
tädämsisu,
0%
tädämsisu,
0%
tə'əmərti
0%
tsən'at
0%
wətsu'at,
0%
zämtsə'a
0%
No matching quizzes found
Score Distribution
Percent of People with Each Score
Percentile by Number Answered
Your Score History
You have not taken this quiz